00676nam a2200169 a 450000100100000000500170001000800410002704000250006810000260009324500450011926000440016430000210020850000730022904900090030295201780031199900170048900003495620200930074018.0111024s1969 mx 000 0 spa d aDO-SdBNPbspacBNPHU1 aJulien, Claude96054813aEl imperio américano /cClaude Julien. aBarcelona :bEdiciones Crijalbo,c1969. a421 p. ;c21 cm. aIncluye referencias bibliográficas y notas al pie de las páginas aBNPD 001050718MOaGRbGRcCTd2011-10-24iLF1l0o p34956-10r2020-06-25w2020-06-25y1zPerteneció a la biblioteca personal de Juan Isidro Jimenes Grullón.ZNo se presta c34447d34447